000 00902nam a2200265 i 4500
001 45082
003 ES-MaACL
005 20230906161142.0
007 t|
008 030325s1925 fr ||||1| fre d
080 _a929 Cipriano, Santo, Obispo de Cartago
080 _a27"02"
100 0 _aCipriano,
_cSanto,
_cObispo de Cartago.
_938871
245 1 0 _aCorrespondance /
_cSaint Cyprien ; texte établi et traduit par Le Chanoine Bayard.
260 _aParis :
_bSocieté d'Edition "Les Belles Lettres",
_c1925.
300 _a2 v. ;
_c21 cm.
490 1 _aCollection des Universités de France
546 _aTexto en latín y francés.
650 4 _aHistoria eclesiástica-
_yS.III.
_9141193
700 1 _aBayard, Louis.
_9141194
830 1 _aCollection des Universités de France
_9180876
852 _aES-MaACL
_jC-7862-63
852 _aES-MaACL
_jE-4847
_z(V. 1)
999 _c45082
_d45082